Gases, liquids and solids. (Record no. 7095)

MARC details
000 -LEADER
fixed length control field 00627nam a22002292 4500
001 - CONTROL NUMBER
control field 0000005864
005 - DATE AND TIME OF LATEST TRANSACTION
control field 20151217152007.0
008 - FIXED-LENGTH DATA ELEMENTS--GENERAL INFORMATION
fixed length control field 070723s xx 000 0 eng d
020 ## - INTERNATIONAL STANDARD BOOK NUMBER
International Standard Book Number 0521797500 :
Terms of availability KES 1,300
040 ## - CATALOGING SOURCE
Original cataloging agency KABU
Transcribing agency KABU
050 #0 - LIBRARY OF CONGRESS CALL NUMBER
Classification number QC175
Item number .M38
100 1# - MAIN ENTRY--PERSONAL NAME
Personal name Mathews, Philip.
-- 0000156977
245 10 - TITLE STATEMENT
Title Gases, liquids and solids.
260 ## - PUBLICATION, DISTRIBUTION, ETC. (IMPRINT)
Place of publication, distribution, etc. Cambridge :
Name of publisher, distributor, etc. CUP,
Date of publication, distribution, etc. 2002.
300 ## - PHYSICAL DESCRIPTION
Extent 73 p.
650 #0 - SUBJECT ADDED ENTRY--TOPICAL TERM
Topical term or geographic name as entry element Kinetic theory of gases.
-- 0000157114
650 #0 - SUBJECT ADDED ENTRY--TOPICAL TERM
Topical term or geographic name as entry element Liquids.
-- 0000157115
650 #0 - SUBJECT ADDED ENTRY--TOPICAL TERM
Topical term or geographic name as entry element Solids.
-- 0000157116
908 ## - PUT COMMAND PARAMETER (RLIN)
Put command parameter 070723
950 ## - LOCAL HOLDINGS (RLIN)
-- 1
Holdings
Withdrawn status Lost status Source of classification or shelving scheme Not for loan Home library Current library Date acquired Total Checkouts Full call number Barcode Date last seen Price effective from Koha item type
    Library of Congress Classification   Kabarak, Main Campus Kabarak, Main Campus 17/12/2015   QC175 .M38 004913 17/12/2015 17/12/2015 General Collection
Designed with assistance from East African Informatics Ltd